01012nam a2200265Ia 4500952010900000999001700109005001700126008004100143020001400184050002100198100004500219245012400264260003200388300001800420336001000438337001400448338001200462504005400474519005800528650004100586650002800627650002600655700005300681942001200734 00104070a22b22d2009-08-13l5oPC4420 P56 2002p06 000075r2020-01-29s2020-01-29t1w2012-06-26yLB c65130d6513020231102150855.0120626s2002 mx 000 0 spa d a970260318 aPC4420bP56 2002 aPineda Ramírez, María Ignaciaeautor aLectura y redacción con análisis literario c/ María Ignacia Pineda Ramírez, Francisco Javier Lemus Hernández aMéxicob: Pearsonc, 2002 a238 páginas atexto asin medio avolumen aIncluye referencias bibliográficas (p. 235-238) aMaterial Complementario /bPedagogía /d(06 000075) aESPAÑOLxEJERCICIOSyCOMPOSICIÓN aCOMPRESIÓN DE LECTURA aCRÍTICA LITERARÍA aAlt Lemus Hernández, Francisco Javierecoautor cLB2lcc